000 01139nam a22002537a 4500
008 160625s1990 sz||||| |||| 00| 0 fre d
082 0 4 _a759.057
_bH691fe
100 _aHodler, Ferdinand.
_95266
245 1 0 _aFerdinand Hodler :
_bcollection Adda et Max Schmidheiny /
_cFerdinand Hodler ; ensayo por Oskar Bätschmann y Hans A. Lüthy ; catálogo por Marcel Baumgartner.
250 _a1a ed.
260 _aSuiza :
_bInstitut suisse pour l'étude de l'art,
_c1990.
300 _a120 p.
_bil. col.
500 _aPublicado para la ocasión de la exposición Ferdinand Hodler Collection Adda et Max Schmidheiny en el Musée Jenisch, del 25 de marzo al 17 de junio de 1990.
505 0 _tAvant-propos.
_tHodler peintre
_rOskar Bätschmann.
_tLes collectionneurs de Hodler
_rHans A. Lüthy.
_tCatalogue
_rMarcel Baumgartner.
_tBibliographie et abréviations.
653 1 0 _aPintura
653 1 0 _aArte-simbolismo
653 1 0 _aArte Suizo
653 1 0 _aSiglo 19
653 1 0 _aCatálogo de exhibición
653 1 0 _aMusée Jenisch
700 1 _aBätschmann, Oskar.
_95267
700 1 _aLüthy, Hans A.
_95268
700 1 _aBaumgartner, Marcel.
_95269
999 _c965
_d965